000 00295nam a22001337a 4500
008 181023b xxu||||| |||| 00| 0 eng d
020 _a9780312452759
041 _aeng
080 _25th
_a371
100 _a46
101 _aEDU
245 _aA Pocket Style Manual
_cHacker,D
942 _2udc
_cBK
999 _c50718
_d50718